Welcome to the Holygrace Academy Library

Please use search bar below to get started

UP FROM SLAVERY (Record no. 5675)

MARC details
000 -LEADER
fixed length control field 00309nam a22001337a 4500
020 ## - INTERNATIONAL STANDARD BOOK NUMBER
ISBN 978-81-8296-429-7
082 ## - DEWEY DECIMAL CLASSIFICATION NUMBER
Classification number 920
Item number WAS/U
100 ## - MAIN ENTRY--AUTHOR NAME
Personal name WASHINGTON,T BOOKER
245 ## - TITLE STATEMENT
Title UP FROM SLAVERY
260 ## - PUBLICATION, DISTRIBUTION, ETC. (IMPRINT)
Place of publication NEW DELHI
Name of publisher ARYA PUBLISHING COMPANY
300 ## - PHYSICAL DESCRIPTION
Number of Pages 257
650 ## - SUBJECT ADDED ENTRY--TOPICAL TERM
Topical Term AUTOBIOGRAPHY
Geographic subdivision INDIA
942 ## - ADDED ENTRY ELEMENTS (KOHA)
Koha item type Books
Holdings
Withdrawn status Lost status Collection code Home library Current library Shelving location Date acquired Source of acquisition Serial Enumeration / chronology Full call number Accession Number Koha item type
    Reference Main Library Main Library SHELF-17-J-BIOGRAPHIES & AUTOBIOGRAPHIES 19/04/2013 PURCHASE 120/- 920 WAS/U 07136 Books